Low carbon transition (Record no. 120817)

MARC details
000 -LEADER
fixed length control field 00757cai a22001815a 4500
001 - CONTROL NUMBER
control field E148050
008 - FIXED-LENGTH DATA ELEMENTS--GENERAL INFORMATION
fixed length control field 090716u xxk g 000 0 eng d
035 ## - SYSTEM CONTROL NUMBER
System control number (Sirsi) u148050
041 0# - LANGUAGE CODE
Language code of text/sound track or separate title eng
110 2# - MAIN ENTRY--CORPORATE NAME
Corporate name or jurisdiction name as entry element United Kingdom
Subordinate unit HM Government
9 (RLIN) 5056
245 00 - TITLE STATEMENT
Title Low carbon transition
Medium [electronic resource]
520 ## - SUMMARY, ETC.
Summary, etc. Provides information and news related to the Government's initiative to move towards a low carbon future. Includes news, photos, publications and links.
590 ## - LOCAL NOTE (RLIN)
Local note KA NTK
651 #4 - SUBJECT ADDED ENTRY--GEOGRAPHIC NAME
Geographic name United Kingdom
Chronological subdivision 1973-
690 ## - LOCAL SUBJECT ADDED ENTRY--TOPICAL TERM (OCLC, RLIN)
Topical term or geographic name as entry element ENVIRONMENTAL AND LAND CONSULTANCY-ENERGY-ENERGY USE-ENERGY EFFICIENCY
856 40 - ELECTRONIC LOCATION AND ACCESS
Uniform Resource Identifier <a href="https://interactive.bis.gov.uk/lowcarbon/">https://interactive.bis.gov.uk/lowcarbon/</a>
Public note View the website free of charge at interactive.bis.gov.uk/lowcarbon/...
942 ## - ADDED ENTRY ELEMENTS (KOHA)
Suppress in OPAC 0
Holdings
Withdrawn status Lost status Source of classification or shelving scheme Damaged status Not for loan Home library Current library Shelving location Date acquired Total Checkouts Full call number Barcode Date last seen Copy number Price effective from Koha item type
    Dewey Decimal Classification     Virtual Virtual Online 16/07/2009   WEBSITE 148050-2001 06/08/2019 1 06/08/2019 Online material